000 00421nam a2200181Ia 4500
001 15129
005 20260306165005.0
008 260306t2008||||xx |||||||||||||| ||spa||
041 _aESP
082 _a530
_bS42 V. 1 2008
100 _aSerway, Raymond A.
_eAUT
245 0 _aFísica:
_bpara ciencias e ingeniería
260 _c2008
300 _a
_c
650 _aGEN
654 _aCCN
942 _cLIB
_dJUS
_fJUS
_2ddc
_n
999 _c15129
_d15129